DOCGs of Italy: without Piedmont Quiz Stats

 Plays Quiz not verified by Sporcle

Support Sporcle.
Go Orange.
Score 0/58 Timer 10:00
0 Plays Today
Region DOCG % Correct
LombardyFranciacorta
83.3%
TuscanyBrunello di Montalcino
83.3%
TuscanyChianti
83.3%
VenetoAmarone della Valpolicella
79.2%
TuscanyVino Nobilo di Montepulciano
79.2%
VenetoRecioto della Valpolicella
75%
CampaniaGreco di Tufo
75%
VenetoConegliano Valdobbiadene Prosecco
70.8%
VenetoAsolo Prosecco
70.8%
LombardyValtellina Superiore
66.7%
Emilia-RomagnaRomagna Albana
66.7%
VenetoRecioto di Soave
66.7%
TuscanyMontecucco Sangiovese
66.7%
TuscanyChianti Classico
66.7%
UmbriaSagrantino di Montefalco
66.7%
CampaniaTaurasi
66.7%
VenetoSoave Superiore
62.5%
SardegnaVermentino di Gallura
62.5%
LombardySforzato di Valtellina
58.3%
VenetoRecioto di Gambellara
58.3%
VenetoBardolino Superiore
54.2%
VenetoMontello Rosso
54.2%
MarcheVerdicchio di Matelica Riserva
54.2%
BasilicataAglianico del Vulture Superiore
54.2%
SiciliaCerasuolo di Vittoria
54.2%
LombardyOltrepo Pavese Metodo Classico
50%
UmbriaTorgiano Rosso Riserva
50%
MarcheCastelli di Jesi Verdicchio Riserva
50%
AbruzzoMontepulciano d'Abruzzo
50%
Region DOCG % Correct
LazioFrascati Superiore
50%
CampaniaFiano d'Avellino
50%
Friuli Venezia GiuliaColli Orientali del Friuli Picolit
50%
LombardyScanso
45.8%
VenetoLison
45.8%
TuscanyMorellino di Scansano
45.8%
TuscanySuvereto
45.8%
TuscanyVernaccia di San Gimignano
45.8%
MarcheConero
45.8%
MarcheVernaccia di Serrapetrona
45.8%
PugliaCastel del Monte del Bombino Nero
45.8%
PugliaCastel del Monte Nero di Troia Riserva
45.8%
PugliaCastel del Monte Rosso Riserva
45.8%
Friuli Venezia GiuliaLison
40.9%
TuscanyElba Aleatico Passito
37.5%
CampaniaAglianico del Taburno
37.5%
Friuli Venezia GiuliaRosazzo
36.4%
TuscanyVal di Cornia Rossa
33.3%
LazioCannellino di Frascati
33.3%
Friuli Venezia GiuliaRamandolo
31.8%
TuscanyCarmignano
25%
PugliaPrimitivo di Manduria Dolce Naturale
25%
Emilia-RomagnaColli Bolognesi Classico Pignoletto
20.8%
VenetoColli di Conegliano
20.8%
MarcheOffida
20.8%
VenetoBagnoli Fruilaro
12.5%
LazioCesanese del Piglio
12.5%
VenetoColli Euganei Fior d'Arancio
8.3%
VenetoPiave Malanotte
8.3%

You're not logged in!

Compare scores with friends on all Sporcle quizzes.
OR
Log In

From the Vault

Measure That!

by Flick

How do you measure success? By getting 100%, of course!
Remove Ads.
Support Sporcle.
Get the best of Sporcle when you Go Orange. This ad-free experience offers more features, more stats, and more fun while also helping to support Sporcle. Thank you for becoming a member.

Show Comments

Extras

Created Jan 21, 2016ReportNominate
Tags:dog, Italy, region

Top Quizzes Today


Score Distribution

Your Account Isn't Verified!

In order to create a playlist on Sporcle, you need to verify the email address you used during registration. Go to your Sporcle Settings to finish the process.

Report this User

Report this user for behavior that violates our Community Guidelines.

Details: